Plant classification

Bibliographic Details
Main Author: BENSON
Format: Book
Published: New Delhi : Oxford & IBH Pub. , 1976
Subjects:

MARC

LEADER 00000cam a2200000 7i4500
001 0000001200
005 20140130.0
090 0 0 |a R581.012   |b BEN 1976 
100 1 0 |a BENSON   |h Lyman 
245 1 0 |a Plant classification   |c Lyman Benson 
260 0 0 |a New Delhi :   |b Oxford & IBH Pub. ,   |c 1976 
300 |a xiv, 688 p. :   |b ill. ;   |c 24 cm. 
500 0 0 |a Includes index 
650 0 0 |a Botany   |x Classification 
998 |a JPSM 
999 |a 0000002378   |b Monograph   |c Reference   |e Default branch